| 000 | 01155nam a2200349Ia 4500 | ||
|---|---|---|---|
| 001 | 897151807 | ||
| 003 | OCoLC | ||
| 005 | 20170803221314.0 | ||
| 008 | 141104s2015 nyu 001 0 eng d | ||
| 020 | _a9780071832380 | ||
| 020 | _a0071832386 | ||
| 035 | _a(OCoLC)897151807 | ||
| 040 |
_aDEBSZ _bger _erakwb _cDEBSZ _dASC |
||
| 050 | 4 |
_aQA76.9.A25 _bG743 2015 |
|
| 082 |
_223 _a005.8 _bGRH |
||
| 245 | 0 | 0 |
_aGray hat hacking : _bthe ethical hacker's handbook / _cDaniel Regalado, Shon Harris, Allen Harper, Chris Eagle, Jonathan Ness, Branko Spasojevic, Ryan Linn, Stephen Sims. |
| 250 | _aFourth edition. | ||
| 260 |
_aNew York : _bMcGraw-Hill Education, _cc2015. |
||
| 300 |
_axxix, 625 pages : _billustrations ; _c23 cm |
||
| 500 | _aIncludes index. | ||
| 650 | 0 |
_aComputer security. _958550 |
|
| 650 | 0 |
_aHackers. _98470 |
|
| 700 | 1 |
_aRegalado, Daniel. _958551 |
|
| 700 | 1 |
_aHarris, Shon. _98482 |
|
| 700 | 1 |
_aHarper, Allen. _958552 |
|
| 700 | 1 |
_aEagle, Chris. _958553 |
|
| 700 | 1 |
_aNess, Jonathan. _958554 |
|
| 700 | 1 |
_aSpasojevic, Branko. _958555 |
|
| 700 | 1 |
_aLinn, Ryan. _941561 |
|
| 700 | 1 |
_aSims, Stephen. _958556 |
|
| 942 |
_2ddc _cBOOK |
||
| 999 |
_c40443 _d310063 |
||